Hamari Azadi (Record no. 5803)

MARC details
000 -LEADER
fixed length control field 00603nam a2200253 a 4500
020 ## - INTERNATIONAL STANDARD BOOK NUMBER
ISBN
082 00 - DEWEY DECIMAL CLASSIFICATION NUMBER
Classification number 954.035
Author Cutter AZA
100 ## - MAIN ENTRY--AUTHOR NAME
Author name Azad, Abul Kalam
245 ## - TITLE STATEMENT
Title Hamari Azadi
260 ## - PUBLICATION, DISTRIBUTION, ETC. (IMPRINT)
Place of publication Bombay
Name of publisher Orient Longman
Year of publication 1976
300 ## - PHYSICAL DESCRIPTION
Number of Pages 506p
500 ## - GENERAL NOTE
General note includes index and biblioraphy
505 2# - FORMATTED CONTENTS NOTE
Formatted contents note Bibliography
650 ## - SUBJECT ADDED ENTRY--TOPICAL TERM
Topical Term India-Politics
650 ## - SUBJECT ADDED ENTRY--TOPICAL TERM
Topical Term India-Freedom Struggle
942 ## - ADDED ENTRY ELEMENTS (KOHA)
Koha item type Books
700 1# -
-- Azad, Abul Kalam
Holdings
Collection code Home library Current library Date acquired Cost, normal purchase price Full call number Accession Number Koha item type
  Henry Martyn Institute Library Henry Martyn Institute Library 04/04/2007 100.00 954.035 AZA 09489 Books
                   Copyright © 2026 | Henry Martyn Institute | Hyderabad | TS-500052 | INDIA | Implemented by hmi.edu.in
Hit-Count:

Powered by Koha